000 00499nam a2200205Ia 4500
005 20240823015757.0
008 240823s9999||||xx |||||||||||||| ||und||
020 _a81-297-0197-9
041 _aENGLISH
082 _A658.8342 P4
100 _a"Schiffman,Leon G"
245 0 _aConsumer Behavior
250 _a8th
260 _c2004
_b"Pearson Education,New "
500 _aYES
650 _aConsumer
_bManagement Studies
700 _a" Kanuk,Leslie Lazar"
942 _cBK
999 _c173216
_d173216